Generating a high-powered debate on renewable energy (Record no. 79620)

MARC details
000 -LEADER
fixed length control field 01226cab a22002055a 4500
001 - CONTROL NUMBER
control field L141844
008 - FIXED-LENGTH DATA ELEMENTS--GENERAL INFORMATION
fixed length control field 080102s2007 xxk f 000 0 eng d
035 ## - SYSTEM CONTROL NUMBER
System control number (Sirsi) u141844
041 0# - LANGUAGE CODE
Language code of text/sound track or separate title eng
100 1# - MAIN ENTRY--PERSONAL NAME
Personal name Falconer, Heather
245 00 - TITLE STATEMENT
Title Generating a high-powered debate on renewable energy
260 ## - PUBLICATION, DISTRIBUTION, ETC.
Date of publication, distribution, etc. 2007
490 ## - SERIES STATEMENT
Series statement Facilities Management
Volume/sequential designation 15(3) December 2007, 10-13(4)
520 ## - SUMMARY, ETC.
Summary, etc. Reports that Government backing for the controversial planning policy known as the Merton Rule is in doubt. The policy as originally adopted by the London Borough of Merton requires new developments of over 500 square meters to achieve 10% carbon emission reduction through on-site renewables. 20 local planning authorities have adopted similar plans, and up to 150 others intend to follow suit. Appraises the debate as to the rule's usefulness, which has been reopened by speculation that the Government may withdraw its backing for the rule. Provides an overview of the various options and technologies available for on-site renewables.
590 ## - LOCAL NOTE (RLIN)
Local note KA
650 24 - SUBJECT ADDED ENTRY--TOPICAL TERM
Topical term or geographic name entry element ENERGY ACT 2004
651 #4 - SUBJECT ADDED ENTRY--GEOGRAPHIC NAME
Geographic name United Kingdom
Chronological subdivision
690 ## - LOCAL SUBJECT ADDED ENTRY--TOPICAL TERM (OCLC, RLIN)
Topical term or geographic name as entry element ENVIRONMENTAL AND LAND CONSULTANCY-PLANNING AND DEVELOPMENT-DEVELOPMENT CONTROL
942 ## - ADDED ENTRY ELEMENTS (KOHA)
Suppress in OPAC 0
Holdings
Withdrawn status Lost status Source of classification or shelving scheme Damaged status Not for loan Home library Current library Shelving location Date acquired Total Checkouts Full call number Barcode Date last seen Copy number Price effective from Koha item type
    Dewey Decimal Classification     London London Journal article 02/01/2008   L141844 141844-1001 06/08/2019 1 06/08/2019 Journal article